Statistiken für Die 10 längsten Flüsse der Welt

Klicken Sie hier um das Quiz zu spielen!

Allgemein

  • Dieses Quiz wurde 144 mal gespielt
    (125 seit der letzten Aktualisierung)
  • Das Durchschnittsergebnis liegt bei 6 aus 10

Antwortstatistiken

LängeFluss% Korrekt
6.500 kmNil
99%
6.400 kmAmazonas
98%
6.051 kmMississippi
79%
4.835 kmKongo
48%
4.692 kmMekong
44%
6.380 kmJangtsekiang
43%
4.692 kmLena
42%
4.845 kmGelber Fluss
38%
5.410 kmOb
38%
5.540 kmJenissei
23%

Verteilung der Resultate

Perzentil nach korrekt beantworteten Fragen

Anzahl Personen mit jedem Resultat

Ihre Resultats-Entwicklung

Sie haben dieses Quiz seit der letzten Aktualisierung nicht gespielt